000 00689cam a22001935a 4500
001 ##J100732
008 000000s1910 000 0 eng u
035 _a(Sirsi) u100732
041 0 _aeng
050 0 4 _a333.062 $2 18
110 2 _aAuctioneers' Institute of the United Kingdom
_93785
245 0 0 _aRegulations and syllabus of the examinations
_bApril 1910
260 _aLondon
_bAuctioneers' Institute of the United Kingdom
_c1910
300 _a31p.
_c21cm.
520 _aDetails of the preliminary, intermediate, final and direct final examinations held in April 1910.
651 4 _aUnited Kingdom
_y
690 _aCAREERS, EDUCATION AND TRAINING-QUALIFICATION ROUTES
942 _n0
999 _c99784
_d99784